000 00475nam a2200181Ia 4500
008 100917s9999 xx 000 0 und d
082 _b65024
100 _aराजाध्यक्ष विजया
245 _aअधांतर
260 _bसन पब्लिकेशन्स
_c1984
300 _a205
365 _b40
520 _aकथा
630 _aअधांतर
650 _aकथा
730 _aअधांतर
942 _cBOOK
999 _c670418
_d670415